Afghanistan under soviet occupation a study of russia expansion drama (Record no. 579715)
[ view plain ]
| 000 -LEADER | |
|---|---|
| fixed length control field | 00504nam a22001697a 4500 |
| 003 - CONTROL NUMBER IDENTIFIER | |
| control field | CEME |
| 005 - DATE AND TIME OF LATEST TRANSACTION | |
| control field | 20210628205138.0 |
| 008 - FIXED-LENGTH DATA ELEMENTS--GENERAL INFORMATION | |
| fixed length control field | 210226b xxu||||| |||| 00| 0 eng d |
| 040 ## - CATALOGING SOURCE | |
| Transcribing agency | . |
| 082 ## - DEWEY DECIMAL CLASSIFICATION NUMBER | |
| Classification number | 958.1 SHA'A |
| 245 ## - TITLE STATEMENT | |
| Title | Afghanistan under soviet occupation a study of russia expansion drama |
| 250 ## - EDITION STATEMENT | |
| Edition statement | SHABBIR, HUSSAIN SYED ALVI, ABDUL HAMID RIZVI, ABSAR HUSSAIN |
| 260 ## - PUBLICATION, DISTRIBUTION, ETC. | |
| Place of publication, distribution, etc. | ISLAMABA |
| Name of publisher, distributor, etc. | WORLD AFFAIRS PUBLISHER |
| Date of publication, distribution, etc. | 1980 |
| 300 ## - PHYSICAL DESCRIPTION | |
| Extent | 211P |
| 650 ## - SUBJECT ADDED ENTRY--TOPICAL TERM | |
| Topical term or geographic name entry element | ACC NO-30777 |
| 9 (RLIN) | 74149 |
| 942 ## - ADDED ENTRY ELEMENTS (KOHA) | |
| Koha item type | Book |
| Source of classification or shelving scheme | |
| Withdrawn status | Lost status | Damaged status | Not for loan | Permanent Location | Current Location | Shelving location | Date acquired | Total Checkouts | Full call number | Barcode | Date last seen | Price effective from | Koha item type |
|---|---|---|---|---|---|---|---|---|---|---|---|---|---|
| College of Electrical & Mechanical Engineering (CEME) | College of Electrical & Mechanical Engineering (CEME) | General Stacks | 05/02/2017 | 1 | 958.1 SHA'A | CEME-30777 | 06/28/2021 | 06/28/2021 | Book |
